Björk Songs Quiz - Statistics

General Stats
  • This quiz has been taken 391 times
    382 since last reset
  • The average score is 55 of 103
Answer Stats
Answer % Correct
Army of Me
91%
Venus as a Boy
88%
Joga
85%
Hyperballad
82%
Human Behavior
81%
It's Oh So Quiet
81%
Pagan Poetry
81%
Hunter
80%
Bachelorette
76%
All Is Full Of Love
75%
Pluto
75%
Cocoon
73%
Hidden Place
73%
Big Time Sensuality
71%
Isobel
71%
Headphones
69%
Unravel
69%
Earth Intruders
66%
The Anchor Song
66%
It's Not Up To You
65%
Stonemilker
65%
5 Years
64%
Frosti
64%
Lionsong
64%
Violently Happy
64%
I Miss You
63%
Alarm Call
62%
Moon
61%
The Gate
61%
Aeroplane
60%
Aurora
60%
Come to Me
60%
Crying
60%
Enjoy
60%
Unison
60%
Utopia
60%
Black Lake
59%
Oceania
59%
Possibly Maybe
59%
There's More to Life Than This
59%
Crystalline
58%
Declare Independence
58%
Undo
58%
All Neon Like
57%
Family
57%
Play Dead
57%
Sun In My Mouth
57%
Virus
57%
Immature
54%
Innocence
54%
Heirloom
53%
Like Someone in Love
53%
The Modern Things
53%
Triumph Of A Heart
53%
Arisen My Senses
52%
Cover Me
52%
Notget
52%
Where is The Line?
51%
Blissing Me
50%
Mutual Core
50%
Wanderlust
50%
An Echo, A Stain
49%
Atom Dance
49%
Quicksand
49%
You've Been Flirting Again
49%
One Day
48%
Mouth Mantra
47%
History of Touches
46%
The Dull Flame of Desire
46%
Harm of Will
45%
Who Is It
45%
Ancestors
44%
Sue Me
44%
Cosmogony
42%
Losss
42%
Pleasure Is All Mine
42%
Thunderbolt
42%
Pneumonia
41%
My Juvenile
39%
Vökuró
39%
Hollow
38%
Tabula Rasa
38%
Vertebrae By Vertebrae
37%
Desired Constellation
36%
Future Forever
36%
Body Memory
35%
Submarine
35%
Features Creatures
34%
Hope
34%
Oll Birtan
34%
Show Me Forgiveness
34%
Dark Matter
33%
Solstice
33%
I See Who You Are
32%
Mouth's Cradle
32%
Saint
32%
Paradisia
31%
Sacrifice
30%
Courtship
28%
Sonnets/Unrealities XI
27%
Claimstaker
26%
Nattura
25%
Miðvikudags
23%
No matching quizzes found
Score Distribution
Percent of People with Each Score
Percentile by Number Answered
Your Score History
You have not taken this quiz since the last reset